000
00295nam a2200109 4500
008
160629b xxu||||| |||| 00| 0 eng d
100
_9
1309
_a
Gupta, B.L
245
_a
India Economic Development - XI
260
_a
N.D
_b
Arya
_c
2005
300
_a
India Economic Development - XI
942
_2
ddc
_c
BK
999
_c
1072
_d
1072